000 00340nam a22001457a 4500
008 230324b ||||| |||| 00| 0 eng d
020 _a9780816079483
041 _aeng
080 _2SECOND EDITION
_a030
082 _a030PET
100 _a40
101 _aENCIKLO
245 _aTHE ENCYCLOPEDIA OF DIABETES
_cPETIT.A.W
942 _2udc
_cBK
999 _c59440
_d59440